Транспортное машиностроение. 1967, 12: Сверхскоростные поезда зарубежных железных дорог (Запись № 4606430)

Подробности
000 -МАРКЕР
контрольное поле 01497nam2a22002531 4500
001 - ИДЕНТИФИКАТОР ЗАПИСИ
контрольное поле RU\NLR\INFOCOMM20\5000018315
005 - ИДЕНТИФИКАТОР ВЕРСИИ
контрольное поле 20250617023412.0
035 ## - ДРУГИЕ СИСТЕМНЫЕ НОМЕРА
Идентификатор записи (NLR Aleph) 002382772
100 ## - ДАННЫЕ ОБЩЕЙ ОБРАБОТКИ
Данные общей обработки 20041224d1968 |||y0rusy50 ca
101 0# - ЯЗЫК РЕСУРСА
Язык текста, звукозаписи и т.д. русский
102 ## - СТРАНА ПУБЛИКАЦИИ ИЛИ ПРОИЗВОДСТВА
Страна публикации Российская Федерация
105 ## - ПОЛЕ КОДИРОВАННЫХ ДАННЫХ: ТЕКСТОВЫЕ МАТЕРИАЛЫ, МОНОГРАФИЧЕСКИЕ
Кодированные данные о монографическом текстовом документе y ||||000|y
200 1# - ЗАГЛАВИЕ И СВЕДЕНИЯ ОБ ОТВЕТСТВЕННОСТИ
Основное заглавие Сверхскоростные поезда зарубежных железных дорог
Первые сведения об ответственности А.Н. Шпак
210 ## - ПУБЛИКАЦИЯ, РАСПРОСТРАНЕНИЕ И ДР.
Дата издания, распространения и т.д. 1968
Место издания, распространения и т.д. Б. м.
461 #0 - УРОВЕНЬ НАБОРА
Встроенное поле 001RU\NLR\INFOCOMM20\5000018008
-- 2001#$aТранспортное машиностроение$h[Тема] 5$fГос. ком. тяжелого, энергет. и трансп. машиностроения при Госплане СССР. Науч.-исслед. информации по тяжелому, энергет. и трансп. машиностроению. НИИИНФОРМТЯЖМАШ$v1967, 12
Системный номер (АБИС) связанной записи 4605304
Место публикации М.
Дата публикации 1965-1974
Первые сведения об ответственности Гос. ком. тяжелого, энергет. и трансп. машиностроения при Госплане СССР. Науч.-исслед. информации по тяжелому, энергет. и трансп. машиностроению. НИИИНФОРМТЯЖМАШ
Номер части [Тема] 5
Заглавие Транспортное машиностроение
Номер тома 1967, 12
700 #1 - ИМЯ ЛИЦА - ПЕРВИЧНАЯ ОТВЕТСТВЕННОСТЬ
Начальный элемент ввода Шпак
Часть имени, кроме начального элемента ввода А.Н.
Код отношения Автор
801 #1 - ИСТОЧНИК ЗАПИСИ
Страна Российская Федерация
Организация InfoComm
Дата составления 20041226
801 #0 - ИСТОЧНИК ЗАПИСИ
Страна Российская Федерация
Организация NLR
Правила каталогизации PSBO
852 ## - МЕСТОНАХОЖДЕНИЕ И ШИФР ХРАНЕНИЯ
Идентификатор организации NLR
Шифр хранения (Call Number) П10/3458
942 ## - ДОПОЛНИТЕЛЬНЫЕ ЭЛЕМЕНТЫ ЗАПИСИ (АБИС)
Тип экземпляра АБИС Выпуск
980 ## - КОЛЛЕКЦИЯ
Название коллекции Национальная библиография
980 ## - КОЛЛЕКЦИЯ
Название коллекции Русская периодика

Нет доступных экземпляров.